000 00598nam a22001937a 4500
005 20251108172018.0
008 250721s1989 xx 000 0 ara d
082 1 4 _aم/922.1/جوز
100 1 _aإبن الجوزي، أبو الفرج عبد الرحمن ...
245 1 0 _aصفة الصفوة /
264 1 _aبيروت :
_bدار الكتب العلمية،
_c1989.
300 _a
650 1 7 _aالإسلام
650 1 7 _aالتراجم
700 1 _aرمضان، إبراهيم
_eتحقيق
700 1 _aاللحام، سعيد
_eتحقيق
942 _2ddc
_cREF
999 _c68242
_d68242